Statistics for NFL Divisions Pre 2002 Realignment (99-2001)

Click here to take the quiz!

General Stats

  • This quiz has been taken 9 times
  • The average score is 28 of 31

Answer Stats

HintAnswer% Correct
AFC EastBuffalo Bills
100%
AFC EastIndianapolis Colts
100%
NFC EastArizona Cardinals
89%
NFC WestAtlanta Falcons
89%
AFC CentralBaltimore Ravens
89%
NFC WestCarolina Panthers
89%
NFC CentralChicago Bears
89%
AFC CentralCincinnati Bengals
89%
AFC CentralCleveland Browns
89%
NFC EastDallas Cowboys
89%
AFC WestDenver Broncos
89%
NFC CentralDetroit Lions
89%
NFC CentralGreen Bay Packers
89%
AFC CentralJacksonville Jaguars
89%
AFC WestKansas City Chiefs
89%
AFC EastMiami Dolphins
89%
NFC CentralMinnesota Vikings
89%
AFC EastNew England Patriots
89%
NFC WestNew Orleans Saints
89%
NFC EastNew York Giants
89%
AFC WestOakland Raiders
89%
NFC EastPhiladelphia Eagles
89%
AFC CentralPittsburgh Steelers
89%
AFC WestSan Diego Chargers
89%
AFC WestSeattle Seahawks
89%
NFC WestSt. Louis Rams
89%
NFC CentralTampa Bay Buccaneers
89%
AFC CentralTennessee Titans
89%
NFC EastWashington Redskins
89%
AFC EastNew York Jets
78%
NFC WestSan Francisco 49ers
78%

Score Distribution

Percentile by Number Answered

Percent of People with Each Score

Your Score History

You have not taken this quiz